[Event "BCF-ch Seniors 65"]
[Site "Hull"]
[Date "2024.07.29"]
[Round "1"]
[White "Pritchett, Craig William"]
[Black "Myall, Ivan J"]
[Result "1-0"]
[WhiteElo "2186"]
[BlackElo "1935"]
[PlyCount "83"]
[EventDate "2024.07.29"]
[EventType "swiss"]
[EventRounds "7"]
[EventCountry "ENG"]
[SourceTitle "CB32_2024"]
[SourceDate "2024.08.08"]
[SourceVersion "1"]
[SourceVersionDate "2024.08.08"]
[SourceQuality "1"]

1. Nf3 d5 2. e3 Nf6 3. c4 c6 4. Nc3 e6 5. Qc2 Bd6 6. b3 Nbd7 7. Bb2 0-0 8. Be2 dxc4 9. bxc4 Qa5 10. 0-0 Ba3 11. Bxa3 Qxa3 12. d4 Qe7 13. e4 e5 14. d5 Nc5 15. Nd2 Ng4 16. Nb3 Nxb3 17. axb3 Qh4 18. Bxg4 Qxg4 19. f3 Qg5 20. Qf2 a6 21. Rfe1 Bd7 22. Rad1 Rfd8 23. Na4 cxd5 24. Nb6 Rab8 25. exd5 Be8 26. Qe3 Qxe3+ 27. Rxe3 f6 28. c5 g5 29. Kf2 Bb5 30. g3 Kf7 31. Rde1 Re8 32. b4 Rbd8 33. f4 gxf4 34. gxf4 exf4 35. Rxe8 Rxe8 36. Rxe8 Kxe8 37. Kf3 Kd8 38. Kxf4 Bd3 39. h4 Kc7 40. d6+ Kc6 41. Nd5 b5 42. cxb6 1-0

[Event "ENG-ch Seniors 65"]
[Site "Kenilworth"]
[Date "2024.05.25"]
[Round "3"]
[White "Myall, Ivan J"]
[Black "Baker, Chris W"]
[Result "1/2-1/2"]
[WhiteElo "1933"]
[BlackElo "2218"]
[PlyCount "62"]
[EventDate "2024.05.24"]
[EventType "swiss"]
[EventRounds "7"]
[EventCountry "ENG"]
[SourceTitle "CB22_2024"]
[SourceDate "2024.05.29"]
[SourceVersion "1"]
[SourceVersionDate "2024.05.29"]
[SourceQuality "1"]

1. e4 d6 2. d4 Nf6 3. Nc3 c6 4. f4 Qa5 5. Bd3 e5 6. Nf3 Bg4 7. dxe5 dxe5 8. h3 Bxf3 9. Qxf3 Nbd7 10. Bd2 exf4 11. Qxf4 Qe5 12. Qxe5+ Nxe5 13. Be2 Bc5 14. 0-0-0 0-0 15. Bg5 Nfd7 16. a3 f6 17. Bf4 Rfe8 18. Rhf1 b5 19. Bh5 Red8 20. Ne2 g6 21. Bf3 Nxf3 22. Rxf3 Nb6 23. Rxd8+ Rxd8 24. Bc7 Rf8 25. b4 Be7 26. Bxb6 axb6 27. Nd4 c5 28. bxc5 Bxc5 29. Nxb5 Re8 30. Rxf6 Rxe4 31. Rf3 h5 1/2-1/2

[Event "ENG-ch Seniors 65"]
[Site "Leamington Spa"]
[Date "2023.05.08"]
[Round "7"]
[White "Myall, Ivan J"]
[Black "Raynes, Paul"]
[Result "0-1"]
[WhiteElo "1924"]
[BlackElo "2077"]
[PlyCount "128"]
[EventDate "2023.05.04"]
[EventType "swiss"]
[EventRounds "7"]
[EventCountry "ENG"]
[SourceTitle "CBM 214 Extra"]
[Source "ChessBase"]
[SourceDate "2023.07.31"]
[SourceVersion "1"]
[SourceVersionDate "2023.07.31"]
[SourceQuality "1"]

1. e4 c5 2. c3 b6 3. d4 Bb7 4. f3 cxd4 5. cxd4 Nf6 6. Nc3 e6 7. Be3 Bb4 8. Nge2 0-0 9. a3 Bxc3+ 10. Nxc3 Nc6 11. Be2 Ne7 12. 0-0 Ng6 13. Rc1 Ne8 14. f4 f5 15. e5 Ne7 16. Bf3 Bxf3 17. Qxf3 Nc7 18. Bd2 a5 19. Rc2 Ned5 20. Rfc1 Qb8 21. Ne2 b5 22. b4 a4 23. Rc5 Qb6 24. Be3 Ra7 25. Bf2 Qb8 26. Bh4 Qb6 27. Kh1 Qb8 28. Rg1 Rf7 29. g4 fxg4 30. Rxg4 Qf8 31. Bg5 Kh8 32. Rc1 Ra8 33. Rcg1 Rc8 34. Rh4 Ne8 35. Qh3 g6 36. Qd3 Qg8 37. Qxb5 Rc2 38. Qd3 Rb2 39. Bd8 Rb3 40. Qc2 Rg7 41. Bg5 Ne3 42. Qc1 Nf5 43. Rhg4 Rd3 44. Qb2 Rf7 45. Bf6+ Nxf6 46. exf6 Qa8+ 47. d5 Qxd5+ 48. R4g2 Ne3 49. Nc3 Qf3 50. Ne2 Nxg2 51. Rxg2 Rd1+ 52. Ng1 Qxf4 53. Qc2 Rc1 54. Qxa4 Qxf6 55. Qa8+ Kg7 56. b5 Qf3 57. Qa7 Rb1 58. Qd4+ Kg8 59. a4 e5 60. Qc5 d6 61. Qb6 e4 62. a5 e3 63. h3 Qxh3+ 64. Rh2 Rxg1+ 0-1

[Event "BCF-chT4 2223 (4NCL)"]
[Site "England"]
[Date "2023.02.04"]
[Round "5.121"]
[White "Myall, Ivan J"]
[Black "Bentley, Alex"]
[Result "1-0"]
[WhiteElo "1981"]
[BlackElo "1752"]
[PlyCount "95"]
[EventDate "2022.11.05"]
[EventType "team-swiss"]
[EventRounds "11"]
[EventCountry "ENG"]
[SourceTitle "EXT 2024"]
[Source "ChessBase"]
[SourceDate "2023.10.10"]
[SourceVersion "1"]
[SourceVersionDate "2023.10.10"]
[SourceQuality "1"]
[WhiteTeam "Anglian Avengers II"]
[BlackTeam "Ashfield III"]
[WhiteTeamCountry "ENG"]
[BlackTeamCountry "ENG"]

1. d4 Nf6 2. Bf4 b6 3. e3 Bb7 4. Nf3 d6 5. c3 Nbd7 6. Nbd2 Nh5 7. Bc4 Nxf4 8. exf4 e6 9. 0-0 Qf6 10. g3 Be7 11. Bb5 a6 12. Bd3 h5 13. Ne4 Qh6 14. h4 f6 15. Neg5 Nf8 16. Qe2 e5 17. Nh3 Ng6 18. f5 Nf8 19. Rfe1 g5 20. fxg6 Nxg6 21. dxe5 fxe5 22. Bxg6+ Qxg6 23. Nxe5 Qf6 24. Ng6 Rh7 25. Nxe7 Rxe7 26. Qxe7+ Qxe7 27. Rxe7+ Kxe7 28. Re1+ Kf7 29. Nf4 Rh8 30. Re3 a5 31. f3 Rh6 32. Kf2 b5 33. b3 c5 34. Nh3 Bd5 35. Ng5+ Kf8 36. Ke2 Bg8 37. Kd3 d5 38. Re5 Rf6 39. f4 Rc6 40. Nf3 Rh6 41. f5 Rf6 42. Ke3 b4 43. cxb4 axb4 44. Ng5 Rd6 45. Nf3 Ra6 46. f6 Rxf6 47. Rxh5 d4+ 48. Ke2 1-0

[Event "BCF-chT3E 2223 (4NCL)"]
[Site "England"]
[Date "2023.01.08"]
[Round "4.66"]
[White "Myall, Ivan J"]
[Black "Hatchett, Paul"]
[Result "0-1"]
[WhiteElo "1977"]
[BlackElo "1959"]
[PlyCount "78"]
[EventDate "2022.11.05"]
[EventType "team-tourn"]
[EventRounds "11"]
[EventCountry "ENG"]
[SourceTitle "EXT 2024"]
[Source "ChessBase"]
[SourceDate "2023.10.10"]
[SourceVersion "1"]
[SourceVersionDate "2023.10.10"]
[SourceQuality "1"]
[WhiteTeam "Anglian Avengers"]
[BlackTeam "Rhyfelwyr Essyllwg"]
[WhiteTeamCountry "ENG"]
[BlackTeamCountry "ENG"]

1. d4 Nf6 2. Bf4 g6 3. Nc3 Bg7 4. e4 d6 5. Be2 c6 6. Nf3 0-0 7. Qd2 b5 8. a3 Bb7 9. Bh6 a5 10. Bxg7 Kxg7 11. Qf4 b4 12. Nd1 Nbd7 13. Ne3 e5 14. dxe5 dxe5 15. Qh4 c5 16. Bd3 Nxe4 17. Bxe4 Qxh4 18. Bxb7 Qd8 19. Bxa8 Qxa8 20. axb4 cxb4 21. 0-0 Rc8 22. b3 e4 23. Nd2 Ne5 24. Ndc4 Nxc4 25. Nxc4 Rc5 26. Ra2 Qd8 27. h3 f5 28. Rfa1 Qd4 29. g3 g5 30. Ne3 f4 31. Rd1 Qf6 32. Ng4 Qc6 33. gxf4 gxf4 34. Raa1 h5 35. Nh2 Rg5+ 36. Kh1 e3+ 37. f3 Qxc2 38. Rg1 Rxg1+ 39. Rxg1+ Kf6 0-1

[Event "Southend Easter op 64th"]
[Site "Southend"]
[Date "2022.04.16"]
[Round "3"]
[White "Myall, Ivan J"]
[Black "Mehrafarin, Amirabbas"]
[Result "0-1"]
[WhiteElo "2028"]
[BlackElo "1716"]
[PlyCount "60"]
[EventDate "2022.04.15"]
[EventType "swiss"]
[EventRounds "7"]
[EventCountry "ENG"]
[SourceTitle "CBM 207 Extra"]
[Source "ChessBase"]
[SourceDate "2022.05.31"]
[SourceVersion "1"]
[SourceVersionDate "2022.05.31"]
[SourceQuality "1"]

1. e4 c6 2. d4 d5 3. e5 Bf5 4. h4 h5 5. Bd3 Bxd3 6. Qxd3 e6 7. Bg5 Qb6 8. Nd2 Ne7 9. Ngf3 Nf5 10. 0-0 Nd7 11. c4 Qa6 12. Qc2 dxc4 13. Nxc4 Nb6 14. Ne3 Nxe3 15. fxe3 Qb5 16. e4 Be7 17. Bxe7 Kxe7 18. Ng5 f6 19. exf6+ gxf6 20. e5 fxg5 21. Qg6 Raf8 22. Qxg5+ Ke8 23. Qg6+ Kd8 24. Rf6 Nd7 25. Rf7 Rxf7 26. Qxf7 Rf8 27. Qxh5 Qxb2 28. Rd1 Qf2+ 29. Kh1 Rg8 30. g4 Qf3+ 0-1

[Event "Southend Easter op 64th"]
[Site "Southend"]
[Date "2022.04.15"]
[Round "2"]
[White "Villiers, Thomas"]
[Black "Myall, Ivan J"]
[Result "1-0"]
[WhiteElo "2219"]
[BlackElo "2028"]
[PlyCount "153"]
[EventDate "2022.04.15"]
[EventType "swiss"]
[EventRounds "7"]
[EventCountry "ENG"]
[SourceTitle "CBM 207 Extra"]
[Source "ChessBase"]
[SourceDate "2022.05.31"]
[SourceVersion "1"]
[SourceVersionDate "2022.05.31"]
[SourceQuality "1"]

1. e4 e5 2. Nf3 Nc6 3. Bc4 Bc5 4. d4 Bxd4 5. Nxd4 Nxd4 6. Be3 Ne6 7. Bxe6 dxe6 8. Qh5 Nf6 9. Qxe5 Qd6 10. Qg5 e5 11. Nd2 0-0 12. 0-0-0 Qa6 13. a3 Re8 14. h4 Ng4 15. h5 h6 16. Qh4 Nxe3 17. fxe3 b5 18. Nb3 Qb6 19. Rd3 c5 20. Rhd1 c4 21. Rd8 Be6 22. Rxa8 Rxa8 23. Nd2 Qxe3 24. c3 a5 25. Re1 Qc5 26. g4 f6 27. Qg3 b4 28. Qg1 Qd6 29. Nb1 Rd8 30. Qa7 b3 31. Qe3 Bxg4 32. Nd2 Bxh5 33. Rg1 Kh7 34. a4 Qxd2+ 35. Qxd2 Rxd2 36. Kxd2 Be8 37. Ke3 g5 38. Rd1 Bxa4 39. Rd5 Be8 40. Rxa5 Kg6 41. Rc5 Bf7 42. Kf3 h5 43. Rc7 h4 44. Rc5 Kg7 45. Kg4 Kg6 46. Kf3 Kg7 47. Kg4 Bg8 48. Rc7+ Bf7 49. Kf3 Kf8 50. Rc8+ Ke7 51. Rc7+ Ke8 52. Rc6 Bh5+ 53. Kf2 Kf7 54. Rxc4 g4 55. Rb4 g3+ 56. Kg2 Bd1 57. c4 f5 58. Rb7+ Kg6 59. exf5+ Kxf5 60. Rf7+ Kg4 61. Rg7+ Kf4 62. Kh3 Bc2 63. Kxh4 Bf5 64. Rxg3 Bc2 65. Rg4+ Kf3 66. Rg3+ Kf4 67. Rg8 e4 68. Rf8+ Ke5 69. Kg3 Kd4 70. Rc8 e3 71. c5 Bf5 72. Rb8 Be6 73. c6 Kd3 74. Re8 Bf5 75. Kf4 Bh3 76. Rxe3+ Kc2 77. Rxh3 1-0

[Event "London Classic op U2050-A 11th"]
[Site "London"]
[Date "2019.12.01"]
[Round "4"]
[White "Myall, Ivan J"]
[Black "Li, Harry"]
[Result "0-1"]
[WhiteElo "1971"]
[BlackElo "2046"]
[PlyCount "80"]
[EventDate "2019.11.29"]
[EventType "swiss"]
[EventRounds "5"]
[EventCountry "ENG"]
[SourceTitle "CBM 195 Extra"]
[Source "ChessBase"]
[SourceDate "2020.05.31"]
[SourceVersion "1"]
[SourceVersionDate "2020.05.31"]
[SourceQuality "1"]

1. d4 d5 2. Bf4 Nf6 3. e3 c5 4. c3 e6 5. Nd2 Bd6 6. Bg3 Qc7 7. Bxd6 Qxd6 8. f4 cxd4 9. cxd4 0-0 10. Bd3 b6 11. a3 Bb7 12. Qf3 Nc6 13. g4 Ne7 14. Ne2 Qd7 15. g5 Ne8 16. 0-0-0 Nd6 17. Kb1 Nc4 18. Nxc4 dxc4 19. Be4 Bxe4+ 20. Qxe4 b5 21. h4 b4 22. axb4 Rab8 23. h5 Rxb4 24. Rd2 Rfb8 25. Nc3 Qd6 26. g6 hxg6 27. hxg6 Nxg6 28. Rh5 Qb6 29. Qg2 a5 30. f5 exf5 31. Nd5 Qe6 32. Nxb4 axb4 33. d5 Qxe3 34. Rh1 b3 35. d6 Qa7 36. Rf2 Qa2+ 37. Kc1 Qa1+ 38. Kd2 Qxb2+ 39. Kd1 Qb1+ 40. Ke2 Re8+ 0-1

[Event "Wch Seniors 65 29th"]
[Site "Bucharest"]
[Date "2019.11.22"]
[Round "10"]
[White "Myall, Ivan J"]
[Black "Van Herck, Marcel"]
[Result "1/2-1/2"]
[WhiteElo "1971"]
[BlackElo "2116"]
[PlyCount "43"]
[EventDate "2019.11.12"]
[EventType "swiss"]
[EventRounds "11"]
[EventCountry "ROU"]
[SourceTitle "CBM 193 Extra"]
[Source "ChessBase"]
[SourceDate "2020.01.31"]
[SourceVersion "1"]
[SourceVersionDate "2020.01.31"]
[SourceQuality "1"]

1. e4 e5 2. Bc4 Nf6 3. Nc3 Nxe4 4. Qh5 Nd6 5. Bb3 Be7 6. Nf3 Nc6 7. Nxe5 Nxe5 8. Qxe5 0-0 9. 0-0 Ne8 10. d3 c6 11. h3 d5 12. Re1 Bf6 13. Qe2 Be6 14. Bf4 Qd7 15. Be5 Bxe5 16. Qxe5 Nc7 17. d4 Rae8 18. Qg3 Bf5 19. Ne2 Re7 20. Nf4 Rfe8 21. f3 Ne6 22. Nxe6 1/2-1/2

[Event "Wch Seniors 65 29th"]
[Site "Bucharest"]
[Date "2019.11.20"]
[Round "8"]
[White "Myall, Ivan J"]
[Black "Rix, Soren"]
[Result "1/2-1/2"]
[WhiteElo "1971"]
[BlackElo "2113"]
[PlyCount "79"]
[EventDate "2019.11.12"]
[EventType "swiss"]
[EventRounds "11"]
[EventCountry "ROU"]
[SourceTitle "CBM 193 Extra"]
[Source "ChessBase"]
[SourceDate "2020.01.31"]
[SourceVersion "1"]
[SourceVersionDate "2020.01.31"]
[SourceQuality "1"]

1. d4 Nf6 2. Bf4 d6 3. Nf3 c6 4. Nc3 g6 5. e4 Bg7 6. h3 Qa5 7. Qd2 Nbd7 8. Be2 0-0 9. 0-0 e5 10. Bh6 Re8 11. Bxg7 Kxg7 12. a3 Qb6 13. dxe5 dxe5 14. b4 a5 15. Na4 Qc7 16. Bd3 Nf8 17. Qc3 Nh5 18. Rfe1 axb4 19. axb4 Nf4 20. Bf1 Qe7 21. Nc5 Rxa1 22. Qxa1 g5 23. Nd3 N8g6 24. Nxf4 Nxf4 25. Re3 f6 26. Qb2 h5 27. Kh2 Rd8 28. g3 Ne6 29. c3 c5 30. Bc4 cxb4 31. cxb4 Nd4 32. Bd5 Nxf3+ 33. Rxf3 Be6 34. Rc3 Bxd5 35. exd5 Rxd5 36. Qc2 Qd8 37. Rc7+ Rd7 38. Rc8 Qe7 39. Qc4 Qf7 40. Qc5 1/2-1/2

[Event "GBR-ch 65+ 106th"]
[Site "Torquay"]
[Date "2019.08.03"]
[Round "6.15"]
[White "Myall, Ivan J"]
[Black "Goodwin, Ed H"]
[Result "0-1"]
[WhiteElo "1993"]
[BlackElo "1825"]
[PlyCount "96"]
[EventDate "2019.07.29"]
[EventType "swiss"]
[EventRounds "7"]
[EventCountry "ENG"]
[SourceTitle "EXT 2021"]
[Source "ChessBase"]
[SourceDate "2020.10.23"]
[SourceVersion "1"]
[SourceVersionDate "2020.10.23"]
[SourceQuality "1"]

1. d4 e6 2. e4 d5 3. e5 c5 4. c3 Nc6 5. Be3 Nge7 6. Nf3 Nf5 7. Bd3 b6 8. 0-0 Be7 9. Nbd2 0-0 10. Qb1 h6 11. Rd1 cxd4 12. cxd4 Nxe3 13. fxe3 f6 14. Nh4 f5 15. Ng6 Bg5 16. Nxf8 Bxe3+ 17. Kh1 Qxf8 18. Nf1 Bg5 19. Bb5 Bd7 20. Qd3 Rd8 21. a3 Ne7 22. Bxd7 Rxd7 23. Nd2 f4 24. Nf3 Nf5 25. Rdc1 Bd8 26. Rc6 Qf7 27. Kg1 g5 28. Rc8 g4 29. Nd2 Kg7 30. Nf1 Bg5 31. Rd1 Qh5 32. Qb5 Re7 33. Rd3 f3 34. Rc2 fxg2 35. Rxg2 Nh4 36. Ng3 Qg6 37. Re2 Nf3+ 38. Kg2 h5 39. Rxf3 gxf3+ 40. Kxf3 h4 41. Kg2 hxg3 42. hxg3 Rf7 43. Rf2 Qe4+ 44. Kf1 Rxf2+ 45. Kxf2 Be3+ 46. Ke2 Bxd4+ 47. Kd1 Qb1+ 48. Kd2 Qxb2+ 0-1